Dictionary of psychology / (Record no. 129017)

MARC details
000 -LEADER
fixed length control field 00740nam a22002417a 4500
003 - CONTROL NUMBER IDENTIFIER
control field dpl
005 - DATE AND TIME OF LATEST TRANSACTION
control field 20180820131329.0
008 - FIXED-LENGTH DATA ELEMENTS--GENERAL INFORMATION
fixed length control field 180820b xxu||||| |||| 00| 0 eng d
010 ## - LIBRARY OF CONGRESS CONTROL NUMBER
LC control number A-943855
020 ## - INTERNATIONAL STANDARD BOOK NUMBER
Terms of availability 00.00
International Standard Book Number 8170249953
035 ## - SYSTEM CONTROL NUMBER
System control number A-943855, A-943857, A-943858
037 ## - SOURCE OF ACQUISITION
Source of stock number/acquisition Cen Lib/Ret
040 ## - CATALOGING SOURCE
Original cataloging agency DPL
Language of cataloging EN
Transcribing agency 0
082 ## - DEWEY DECIMAL CLASSIFICATION NUMBER
Classification number 150.3
Item number SHA
100 ## - MAIN ENTRY--PERSONAL NAME
Personal name Sharma, A. S.
9 (RLIN) 25118
245 ## - TITLE STATEMENT
Title Dictionary of psychology /
Statement of responsibility, etc by A. S. Sharma
260 ## - PUBLICATION, DISTRIBUTION, ETC. (IMPRINT)
Name of publisher, distributor, etc A. P. H. Publishing Corporation
Date of publication, distribution, etc 1998
Place of publication, distribution, etc New Delhi
270 ## - ADDRESS
City New Delhi
Address 5, Ansari Road, Darya Ganj
Postal code 110002
300 ## - PHYSICAL DESCRIPTION
Extent 173p.
Dimensions 22cm(Hb)
650 ## - SUBJECT ADDED ENTRY--TOPICAL TERM
Topical term or geographic name as entry element Psychology -- Dictionaries
9 (RLIN) 25119
650 ## - SUBJECT ADDED ENTRY--TOPICAL TERM
Topical term or geographic name as entry element Psychology
9 (RLIN) 101665
942 ## - ADDED ENTRY ELEMENTS (KOHA)
Source of classification or shelving scheme Dewey Decimal Classification
Koha item type English Books
Classification part 150.3
Call number suffix SHA
Holdings
Withdrawn status Lost status Damaged status Not for loan Home library Current library Date acquired Source of acquisition Cost, normal purchase price Total Checkouts Full call number Barcode Date last seen Copy number Cost, replacement price Price effective from Koha item type Public note Collection code Date checked out Source of classification or shelving scheme
Written off       Central Library Central Library 04/07/2015 Cen Lib/Ret 0.00   150.3 SHA A-943855 04/07/2015 1 0.00 04/07/2015 English Books W/d list no. 6806/25      
      Not For Loan Central Library Central Library 31/07/2015 Cen Lib/Ret 200.00   150.3 SHA A-943856 31/07/2015 2 200.00 31/07/2015 English Books   Reference    
        Central Library Central Library 15/10/2015 Cen Lib/Ret   2 150.3 SHA A-953400 19/09/2025 3   15/10/2015 English Books     06/09/2025  
        Shahdara Branch Shahdara Branch 20/08/2018 BPPD/PUB 0.00 1 150.3 SHA A-943857 05/12/2022   0.00 20/08/2018 English Books   Non-fiction 21/11/2022 Dewey Decimal Classification
        Shahdara Branch Shahdara Branch 20/08/2018 BPPD/PUB 0.00 1 150.3 SHA A-943858 21/09/2019   0.00 20/08/2018 English Books   Non-fiction 09/08/2019 Dewey Decimal Classification

© Delhi Public Library
Hit Counter
free hit counter